Hymn To Virgil - Hozier - All Lyrics - Statistics

General Stats
  • This quiz has been taken 13 times
  • The average score is 214 of 244
Answer Stats
Answer % Correct
a
100%
are
100%
bring
100%
burn
100%
I
100%
oh
100%
on
100%
only
100%
reason
100%
some
100%
Some
100%
the
100%
The
100%
through
100%
to
100%
went
100%
world
100%
would
100%
you
100%
You
100%
as
90%
for
90%
heat
90%
hell
90%
I'd
90%
it,
90%
knew
90%
me
90%
meaning
90%
not
90%
walk
90%
your
90%
be
80%
could
80%
do
80%
everything
80%
feet
80%
in
80%
my
80%
my-
80%
myself
80%
that
80%
this
80%
you're
80%
best,
70%
buy
70%
giving
70%
gold
70%
hands
70%
have
70%
held
70%
If
70%
is
70%
living
70%
paradise
70%
still
70%
tell
70%
thing
70%
worth
70%
any
60%
blue
60%
can
60%
door
60%
from
60%
From
60%
lips
60%
place
60%
seen
60%
turn
60%
walking
60%
watch
60%
welcome
60%
And
50%
at
50%
shining
50%
somewhere
50%
sun
50%
warm
50%
wouldn't
50%
faces
40%
smiling
40%
come
30%
stare
30%
sunlight
30%
won't
30%
yeah
20%
No matching quizzes found
Score Distribution
Percent of People with Each Score
Percentile by Number Answered
Your Score History
You have not taken this quiz